000 01130cad a22002775a 4500
001 L159797
008 150416s2016 xxk f 000 0 eng d
020 _a9781783211197
035 _a(Sirsi) u159797
041 0 _aeng
110 2 _aRoyal Institution of Chartered Surveyors
_94900
245 0 0 _aReal estate fund, asset and property management
_b investment services
_h[electronic resource]
260 _aLondon
_bRICS
_c2016
300 _a15p.
490 0 _aRICS Information Paper
520 _aArchived, effective from 1 January 2016.
520 _aDefines the duties and responsibilities of real estate professionals operating in European markets and offers descriptions to ensure transparency, fluidity and accountability to those involved.
650 2 4 _aREAL ESTATE INVESTMENT
650 2 4 _aASSET MANAGEMENT
650 2 4 _aFUND MANAGEMENT
650 2 4 _aProperty management
_96262
651 4 _aEurope
690 _aINVESTMENT
856 4 1 _uwww.rics.org/Global/Real_estate_fund_asset_and_property_management_investment_services_1st_edition_PGguidance_2016.pdf
_zView the guidance at www.rics.org
942 _n0
999 _c116111
_d116111